[Event "AUS-ch U10"]
[Site "Wahroonga"]
[Date "2014.01.12"]
[Round "6"]
[White "Sen, Deniz"]
[Black "Melamed, Daniel"]
[Result "0-1"]
[WhiteElo "581"]
[BlackElo "212"]
[PlyCount "107"]
[EventDate "2014.01.11"]
[EventType "swiss"]
[EventRounds "9"]
[EventCountry "AUS"]
[SourceTitle "EXT 2020"]
[Source "ChessBase"]
[SourceDate "2019.10.17"]
[SourceVersion "1"]
[SourceVersionDate "2019.10.17"]
[SourceQuality "1"]

1. e4 e5 2. Nf3 Nc6 3. Nc3 Nf6 4. Bc4 Nxe4 5. Bxf7+ Kxf7 6. Nxe4 d5 7. Nc3 Bb4 8. d4 e4 9. Ng5+ Kg8 10. a3 Ba5 11. Qh5 Qe7 12. 0-0 Bxc3 13. bxc3 h6 14. Nh3 Kh7 15. Nf4 Qd6 16. Ng6 Qxg6 17. Qxg6+ Kxg6 18. Bf4 b6 19. Bxc7 Bb7 20. Bd6 Rad8 21. Bc7 Rd7 22. Bf4 Rf8 23. g3 Kh7 24. Rad1 g5 25. Rfe1 gxf4 26. gxf4 Rxf4 27. Re3 Rg7+ 28. Kf1 Rgf7 29. Rd2 Na5 30. Rh3 Nc4 31. Re2 e3 32. f3 Rxf3+ 33. Rxf3 Rxf3+ 34. Kg2 Rf2+ 35. Rxf2 exf2 36. Kxf2 Nxa3 37. Kf3 Kg6 38. h4 Kf5 39. Kg3 h5 40. Kf3 Nxc2 41. Kg3 Ne3 42. Kf3 Nd1 43. Kg3 Nxc3 44. Kf3 Nb5 45. Ke3 a5 46. Kd3 Kg4 47. Ke2 Kxh4 48. Ke3 Kg3 49. Ke2 Kg2 50. Ke3 h4 51. Kf4 h3 52. Ke5 Nxd4 53. Kxd4 h2 54. Ke5 0-1

[Event "AUS-ch U10"]
[Site "Wahroonga"]
[Date "2014.01.11"]
[Round "1"]
[White "Zhang, Brandon"]
[Black "Melamed, Daniel"]
[Result "1/2-1/2"]
[WhiteElo "464"]
[BlackElo "212"]
[PlyCount "80"]
[EventDate "2014.01.11"]
[EventType "swiss"]
[EventRounds "9"]
[EventCountry "AUS"]
[SourceTitle "EXT 2020"]
[Source "ChessBase"]
[SourceDate "2019.10.17"]
[SourceVersion "1"]
[SourceVersionDate "2019.10.17"]
[SourceQuality "1"]

1. e4 c6 2. Nf3 d5 3. exd5 cxd5 4. Nc3 Nf6 5. Bb5+ Bd7 6. Bxd7+ Qxd7 7. d4 e6 8. Ne5 Qc7 9. Nb5 Qb6 10. Nc3 Be7 11. Qd3 Nc6 12. Qb5 Qxb5 13. Nxb5 Rc8 14. Bg5 a6 15. Nc3 Nxd4 16. Rd1 Nxc2+ 17. Kf1 0-0 18. Rc1 Nb4 19. a3 Nc6 20. Nxc6 Rxc6 21. Ke2 h6 22. Bf4 Rfc8 23. Rc2 Bxa3 24. bxa3 Rxc3 25. Rxc3 Rxc3 26. Bd2 Rxa3 27. Rc1 Ne8 28. Rc8 Kf8 29. Bb4+ Kg8 30. Bxa3 Kh7 31. Rxe8 a5 32. Kd3 b5 33. Ra8 b4 34. Rxa5 bxa3 35. Rxa3 Kg6 36. Ra4 Kf5 37. Ke3 e5 38. g4+ Kg5 39. Ra5 d4+ 40. Ke4 f6 1/2-1/2